000 00538nam a2200193Ia 4500
003 GCL
008 140319s9999 xx 000 0 ara d
040 _aGCL /
_cGCL
082 0 4 _a811.9
_bم ا
100 1 _aمحمود درويش
245 1 0 _aاحد عشر كوكبا /
_cمحمود درويش
260 _a[S.N] :
_bدار الجديد ،
_c1992
300 _a89 ص
490 _a
650 0 4 _aالادب العربى
650 0 4 _aالشعر
650 0 4 _aالشعر العربى - العصر الحديث
942 _2ddc
_cBK
999 _c28105
_d28105